000 00268nam a2200109Ia 4500
008 190216s9999||||xx |||||||||||||| ||und||
100 _aMejor M A Padiyath
245 0 _aDoctorum Bharyayum
260 _bNbs Kottayam
650 _aMalayalam Novel-Malayalam
942 _cBK
999 _c24841
_d24841